000 00588nam a22001697a 4500
005 20251108164816.0
008 250721s1993 xx 000 0 ara d
082 1 4 _a616.13/رين
100 1 _aجاكلين، رينو
_eترجمة
245 1 0 _aدليل لمقاومة الضغط والإجهاد و التوتر :
_bمرض العصر و واقع المجتمعات المتطورة /
264 1 _aبيروت :
_bدار الافاق الجديدة،
_c1993.
300 _a319ص
650 1 7 _aضغط الدم
650 1 7 _aأمراض القلب
942 _2ddc
_cBK
999 _c14886
_d14886